[Event "MCRE_PF11"]
[Site "?"]
[Date "2002.??.??"]
[Round "?"]
[White "Svrsek, Radomir"]
[Black "Glaser, Karel"]
[Result "1-0"]
[WhiteElo "2230"]
[BlackElo "2015"]
[PlyCount "67"]
[EventDate "2002.??.??"]
[EventType "schev (corr)"]
[EventRounds "2"]

1. e4 e5 2. Nf3 Nc6 3. Nc3 Nf6 4. d4 exd4 5. Nxd4 Bb4 6. Nxc6 bxc6 7. Bd3 d5 8.
exd5 cxd5 9. O-O O-O 10. Bg5 c6 11. Qf3 Be7 12. Rfe1 Rb8 13. Rab1 h6 14. Bf4
Bd6 15. h3 Re8 16. Rxe8+ Nxe8 17. Bxd6 Nxd6 18. Qe3 a6 19. Qc5 Bb7 20. Re1 a5
21. b3 Ba8 22. Na4 Bb7 23. Nb6 g6 24. Qe3 Kh7 25. Qg3 Qc7 26. Re6 fxe6 27.
Qxg6+ Kh8 28. Qxh6+ Kg8 29. Qxe6+ Qf7 30. Qxd6 Re8 31. Nc4 Ba6 32. Qg3+ Qg7 33.
Qxg7+ Kxg7 34. Nxa5 1-0

[Event "MCRE_PF11"]
[Site "?"]
[Date "2002.??.??"]
[Round "?"]
[White "Glaser, Karel"]
[Black "Svrsek, Radomir"]
[Result "1/2-1/2"]
[WhiteElo "2015"]
[BlackElo "2230"]
[PlyCount "74"]
[EventDate "2002.??.??"]
[EventType "schev (corr)"]
[EventRounds "2"]

1. e4 e6 2. d4 d5 3. Nc3 Bb4 4. e5 c5 5. a3 cxd4 6. axb4 dxc3 7. Nf3 Ne7 8. Bd3
Nd7 9. O-O Nc6 10. bxc3 Ncxe5 11. Nxe5 Nxe5 12. Be3 a6 13. Bc5 Nxd3 14. cxd3 b6
15. Bd4 O-O 16. Qf3 f6 17. Qe3 Rb8 18. f4 Re8 19. Ra4 b5 20. Ra2 Bb7 21. Rfa1
Rc8 22. Re2 Qd7 23. Qg3 Qf7 24. Re3 Rc6 25. Qh4 Rf8 26. Rh3 h6 27. Re3 Kh7 28.
Qg4 Bc8 29. Qe2 Qg6 30. Bc5 Re8 31. Qf3 e5 32. Qxd5 Rc7 33. Qf3 Bg4 34. Qf1 Rf7
35. Qf2 Bf5 36. d4 e4 37. d5 Bc8 1/2-1/2

[Event "MCRE_PF11"]
[Site "?"]
[Date "2002.??.??"]
[Round "?"]
[White "Mikoska, Josef"]
[Black "Nemec, Zdenek"]
[Result "1-0"]
[WhiteElo "2140"]
[BlackElo "2130"]
[PlyCount "81"]
[EventDate "2002.??.??"]
[EventType "schev (corr)"]
[EventRounds "2"]

1. e4 e5 2. Nf3 Nf6 3. Nxe5 d6 4. Nf3 Nxe4 5. d4 d5 6. Bd3 Nc6 7. O-O Bg4 8.
Re1 Be7 9. c4 Nf6 10. cxd5 Bxf3 11. Qxf3 Qxd5 12. Qxd5 Nxd5 13. Nc3 Ndb4 14.
Be4 Nxd4 15. Be3 c5 16. a3 Nbc6 17. Bxc6+ bxc6 18. Ne4 Rb8 19. Rac1 Nb3 20.
Bxc5 Nxc5 21. Nxc5 f6 22. Ne6 Kf7 23. Rxc6 Rbc8 24. Rxc8 Rxc8 25. Nxg7 Bxa3 26.
bxa3 Kxg7 27. g3 Kf7 28. Re4 Rc5 29. Ra4 a5 30. Kg2 h6 31. h4 h5 32. Kf3 Kg6
33. Ke4 Re5+ 34. Kd4 Rf5 35. f4 Rb5 36. Ke4 Rc5 37. Rd4 Rc3 38. Rd3 Rc4+ 39.
Rd4 Rxd4+ 40. Kxd4 Kf5 41. Kd5 1-0

[Event "MCRE_PF11"]
[Site "?"]
[Date "2002.??.??"]
[Round "?"]
[White "Nemec, Zdenek"]
[Black "Mikoska, Josef"]
[Result "1/2-1/2"]
[WhiteElo "2130"]
[BlackElo "2140"]
[PlyCount "79"]
[EventDate "2002.??.??"]
[EventType "schev (corr)"]
[EventRounds "2"]

1. e4 e5 2. Nf3 Nc6 3. d4 exd4 4. Nxd4 Bc5 5. Be3 Qf6 6. c3 Nge7 7. g3 d5 8.
Bg2 dxe4 9. Nb5 Bxe3 10. Nxc7+ Kf8 11. O-O Rb8 12. fxe3 Qe5 13. Qb3 Nf5 14. Nd5
Be6 15. Qa3+ Kg8 16. c4 Nd6 17. Qc5 Nxc4 18. Nbc3 Bxd5 19. Qxd5 Qxd5 20. Nxd5
Nxb2 21. Bxe4 Ne5 22. Rac1 Nbc4 23. Nb4 Nd6 24. Rc5 Re8 25. Rd1 Nxe4 26. Rxe5
Kf8 27. Ra5 a6 28. Rd7 Rb8 29. Rf5 f6 30. Rfd5 h5 31. Rc7 Rh6 32. Rdd7 Rg6 33.
Nd3 Rg5 34. Nf4 Re8 35. h4 Rxg3+ 36. Kf1 Rg4 37. Nxh5 Ng3+ 38. Nxg3 Rxg3 39.
Ke2 Rg4 40. Kf3 1/2-1/2

[Event "MCRE_PF11"]
[Site "?"]
[Date "2002.??.??"]
[Round "?"]
[White "Tkac, Leopold"]
[Black "Nemec, Zdenek"]
[Result "1-0"]
[WhiteElo "2115"]
[BlackElo "2130"]
[PlyCount "53"]
[EventDate "2002.??.??"]
[EventType "schev (corr)"]
[EventRounds "2"]

1. c4 f5 2. d4 Nf6 3. Nc3 g6 4. Nf3 Bg7 5. Bf4 d6 6. e3 O-O 7. Be2 Nh5 8. Bg5
c6 9. O-O Nd7 10. d5 c5 11. Qc2 Ndf6 12. Nh4 Bd7 13. Rae1 Qe8 14. e4 f4 15. e5
dxe5 16. Bf3 e6 17. d6 a5 18. Rxe5 Qb8 19. Rd1 Ra6 20. Rxc5 Rxd6 21. Bxh5 gxh5
22. Bxf6 Bxf6 23. Rxd6 Qxd6 24. Ne4 Qe7 25. Nxf6+ Qxf6 26. Rxh5 a4 27. Qxh7#
1-0

[Event "MCRE_PF11"]
[Site "?"]
[Date "2002.??.??"]
[Round "?"]
[White "Ryska, Jiri"]
[Black "Glaser, Karel"]
[Result "1/2-1/2"]
[WhiteElo "2235"]
[BlackElo "2015"]
[PlyCount "74"]
[EventDate "2002.??.??"]
[EventType "schev (corr)"]
[EventRounds "2"]

1. Nf3 Nf6 2. g3 d5 3. Bg2 e6 4. c4 dxc4 5. Qa4+ Nbd7 6. Qxc4 a6 7. d4 b5 8.
Qc6 Rb8 9. O-O Bb7 10. Qc3 c5 11. dxc5 Bxc5 12. b4 Be7 13. Qb3 Bd5 14. Qa3 Nb6
15. Nc3 Nc4 16. Qxa6 Qd7 17. Nxd5 Nxd5 18. Nd4 Nxb4 19. Qc6 Nxc6 20. Bxc6 Qxc6
21. Nxc6 Rb6 22. Nxe7 Kxe7 23. Be3 Nxe3 24. fxe3 Ra8 25. Rfb1 Ra4 26. a3 e5 27.
Rb4 Rxb4 28. axb4 e4 29. Rc1 f5 30. Rc5 Kf6 31. h3 g6 32. g4 Kg5 33. gxf5 gxf5
34. h4+ Kg4 35. h5 Kg5 36. Kg2 h6 37. Kg3 Rb8 1/2-1/2

[Event "MCRE_PF11"]
[Site "?"]
[Date "2002.??.??"]
[Round "?"]
[White "Svrsek, Radomir"]
[Black "Nemec, Zdenek"]
[Result "1-0"]
[WhiteElo "2230"]
[BlackElo "2130"]
[PlyCount "81"]
[EventDate "2002.??.??"]
[EventType "schev (corr)"]
[EventRounds "2"]

1. c4 f5 2. Nf3 Nf6 3. g3 g6 4. d4 Bg7 5. Bg2 O-O 6. O-O d6 7. Nc3 c6 8. Bf4 h6
9. Qc2 Nh5 10. Be3 e5 11. dxe5 dxe5 12. Bc5 Rf7 13. Rad1 Qe8 14. Bd6 Na6 15. e4
f4 16. Ne2 b6 17. b4 g5 18. h3 g4 19. hxg4 Bxg4 20. Nh2 Qe6 21. Nxg4 Qxg4 22.
gxf4 Nxf4 23. Nxf4 exf4 24. f3 Qe6 25. a3 Kh8 26. e5 Rg8 27. Rfe1 Rf5 28. Qe4
Rg5 29. Qxf4 Nb8 30. Re2 Nd7 31. Qe4 Bxe5 32. f4 Rxg2+ 33. Rxg2 Rxg2+ 34. Kxg2
Qg4+ 35. Kf2 Qxd1 36. Bxe5+ Nxe5 37. Qxe5+ Kh7 38. Qc7+ Kg6 39. Qxc6+ Kf7 40.
Qd5+ Qxd5 41. cxd5 1-0

[Event "MCRE_PF11"]
[Site "?"]
[Date "2002.??.20"]
[Round "?"]
[White "Nemec, Zdenek"]
[Black "Prchly, Milos"]
[Result "0-1"]
[WhiteElo "2130"]
[BlackElo "2270"]
[PlyCount "20"]
[EventDate "2002.??.??"]
[EventType "schev (corr)"]
[EventRounds "2"]

1. e4 e5 2. Nf3 Nf6 3. Nxe5 d6 4. Nf3 Nxe4 5. d4 d5 6. Bd3 Be7 7. O-O Nc6 8. c4
Nb4 9. Bd2 O-O 10. Nc3 Nxd3 0-1

[Event "MCRE_PF11"]
[Site "?"]
[Date "2002.??.??"]
[Round "?"]
[White "Ryska, Jiri"]
[Black "Mikoska, Josef"]
[Result "1/2-1/2"]
[WhiteElo "2235"]
[BlackElo "2140"]
[PlyCount "82"]
[EventDate "2002.??.??"]
[EventType "schev (corr)"]
[EventRounds "2"]

1. Nf3 Nf6 2. c4 g6 3. d4 c5 4. Nc3 cxd4 5. Nxd4 Nc6 6. e4 d6 7. Nxc6 bxc6 8.
c5 Bg7 9. cxd6 exd6 10. Bf4 d5 11. exd5 Nxd5 12. Nxd5 Qxd5 13. Qxd5 cxd5 14.
Bb5+ Bd7 15. Bxd7+ Kxd7 16. O-O-O Rac8+ 17. Kb1 d4 18. Be3 Rc4 19. b3 Rb8 20.
Rd3 Kc6 21. Bf4 Rb7 22. Rc1 Rxc1+ 23. Kxc1 Kd5 24. f3 f5 25. h4 Bf6 26. g3 Rg7
27. Bh6 Rc7+ 28. Kd1 Be5 29. Be3 Rc6 30. Bf2 h6 31. Be3 g5 32. hxg5 hxg5 33.
Bxg5 Bxg3 34. Be3 Be5 35. Bf2 Rh6 36. Rd2 Rh1+ 37. Ke2 Rc1 38. Rd1 Rc6 39. Rd3
a6 40. Kd1 Rh6 41. Rd2 Rh1+ 1/2-1/2

[Event "MCRE_PF11"]
[Site "?"]
[Date "2002.??.??"]
[Round "?"]
[White "Ryska, Jiri"]
[Black "Svrsek, Radomir"]
[Result "1/2-1/2"]
[WhiteElo "2235"]
[BlackElo "2230"]
[PlyCount "85"]
[EventDate "2002.??.??"]
[EventType "schev (corr)"]
[EventRounds "2"]

1. c4 c5 2. Nc3 Nc6 3. g3 g6 4. Bg2 Bg7 5. Nf3 Nf6 6. d3 d6 7. O-O O-O 8. Rb1
a6 9. a3 Bg4 10. h3 Bd7 11. Bg5 Be6 12. Qd2 Qd7 13. Kh2 Nd4 14. Nxd4 cxd4 15.
Nd5 Bxd5 16. cxd5 e6 17. dxe6 fxe6 18. Bh6 Bxh6 19. Qxh6 Rac8 20. Rbc1 Rc5 21.
Rc4 b5 22. Rxc5 dxc5 23. e3 Qd6 24. exd4 Qxd4 25. Qe3 Qxe3 26. fxe3 Nd5 27.
Rxf8+ Kxf8 28. e4 Nb6 29. Bf3 Nd7 30. Kg2 Ne5 31. Be2 Kf7 32. Kf2 Kf6 33. h4 h6
34. Ke3 Nc6 35. Kd2 a5 36. a4 b4 37. Bf3 Ke5 38. Ke3 Kd6 39. Kd2 Nd4 40. Bd1
Ke7 41. Ke3 Kf6 42. Kf4 Nc6 43. Bf3 1/2-1/2

[Event "MCRE_PF11"]
[Site "?"]
[Date "2002.??.??"]
[Round "?"]
[White "Svrsek, Radomir"]
[Black "Hnilicka, Michal"]
[Result "1-0"]
[WhiteElo "2230"]
[BlackElo "2175"]
[PlyCount "48"]
[EventDate "2002.??.??"]
[EventType "schev (corr)"]
[EventRounds "2"]

1. d4 d5 2. c4 e6 3. Nc3 c5 4. cxd5 exd5 5. Nf3 Nc6 6. Bg5 Be7 7. Bxe7 Ngxe7 8.
dxc5 d4 9. Ne4 O-O 10. Nfd2 Be6 11. a3 Nc8 12. b4 Re8 13. Nf3 Bd5 14. Ng3 Qf6
15. Qd3 b6 16. Rd1 bxc5 17. bxc5 Qe7 18. Rc1 Bxf3 19. gxf3 Ne5 20. Qe4 Qc7 21.
Bg2 Nd6 22. Qxd4 Nb5 23. Qe4 Rad8 24. O-O Nd3 1-0

[Event "MCRE_PF11"]
[Site "?"]
[Date "2002.??.??"]
[Round "?"]
[White "Glaser, Karel"]
[Black "Mikoska, Josef"]
[Result "1-0"]
[WhiteElo "2015"]
[BlackElo "2140"]
[PlyCount "97"]
[EventDate "2002.??.??"]
[EventType "schev (corr)"]
[EventRounds "2"]

1. e4 e5 2. Nf3 Nc6 3. Bb5 a6 4. Ba4 Bc5 5. O-O Nge7 6. c3 Ng6 7. d4 exd4 8.
cxd4 Ba7 9. Nc3 O-O 10. Bg5 Nce7 11. Nh4 f6 12. Nxg6 Nxg6 13. Be3 c6 14. Bb3+
Kh8 15. Qh5 d6 16. f4 f5 17. Rae1 Bd7 18. Kh1 Ne7 19. e5 d5 20. Na4 Qe8 21. Qg5
Ng6 22. Nc5 Bc8 23. Rf3 b6 24. Nd3 Qe6 25. Rc1 Bd7 26. Rh3 h6 27. Qg3 a5 28.
Qf3 Bc8 29. Rg3 Ba6 30. Bc2 Rac8 31. Qf2 Rf7 32. Bb1 Rfc7 33. Kg1 Ne7 34. Ne1
c5 35. Nf3 a4 36. Bc2 Bb5 37. Qd2 Be8 38. Qd1 Qd7 39. Bf2 c4 40. Be1 b5 41. Nh4
Bb6 42. Rh3 g6 43. Nf3 Kg7 44. Bb4 Nc6 45. Be1 Ne7 46. Qe2 Qe6 47. Qf2 Bd7 48.
Bb4 Bc5 49. Bxc5 1-0

[Event "MCRE_PF11"]
[Site "?"]
[Date "2002.??.??"]
[Round "?"]
[White "Nemec, Zdenek"]
[Black "Svrsek, Radomir"]
[Result "1/2-1/2"]
[WhiteElo "2130"]
[BlackElo "2230"]
[PlyCount "86"]
[EventDate "2002.??.??"]
[EventType "schev (corr)"]
[EventRounds "2"]

1. e4 c6 2. d4 d5 3. Nc3 dxe4 4. Nxe4 Bf5 5. Ng3 Bg6 6. h4 h6 7. h5 Bh7 8. Nf3
e6 9. Bd3 Nf6 10. Bxh7 Rxh7 11. Qd3 Nbd7 12. Bd2 Bd6 13. O-O-O Qc7 14. Ne2 Rh8
15. c4 Ng4 16. Rhf1 O-O-O 17. c5 Bxc5 18. dxc5 Nxc5 19. Qa3 Nd3+ 20. Kc2 Ndxf2
21. Ba5 Ne3+ 22. Kb1 Rxd1+ 23. Rxd1 Nc4 24. Qc5 Qxa5 25. Qxf2 Rd8 26. Rxd8+
Qxd8 27. Kc2 Qd5 28. b3 Qe4+ 29. Kc3 Nb6 30. Kb2 Nd5 31. Nc3 Qd3 32. Qc2 Nf4
33. Nd1 Qe2 34. Qxe2 Nxe2 35. g4 Kd7 36. Ne5+ Ke7 37. Kc2 f5 38. gxf5 exf5 39.
Ng6+ Kf6 40. Kd2 Ng3 41. Nf4 Kg5 42. Ne6+ Kxh5 43. Nxg7+ Kg6 1/2-1/2

[Event "MCRE_PF11"]
[Site "?"]
[Date "2002.??.??"]
[Round "?"]
[White "Mikoska, Josef"]
[Black "Svrsek, Radomir"]
[Result "1/2-1/2"]
[WhiteElo "2140"]
[BlackElo "2230"]
[PlyCount "101"]
[EventDate "2002.??.??"]
[EventType "schev (corr)"]
[EventRounds "2"]

1. e4 e5 2. Nf3 Nc6 3. Bb5 a5 4. O-O Nd4 5. Nxd4 exd4 6. Re1 c6 7. Bd3 Qg5 8.
e5 Nh6 9. b3 Bc5 10. Qf3 O-O 11. Ba3 b6 12. Qe4 f5 13. Qf3 Bb7 14. Bxc5 bxc5
15. Na3 Qxd2 16. Nc4 Qg5 17. Nd6 Ba6 18. Bxa6 Rxa6 19. Qd3 Rfa8 20. Qc4+ Nf7
21. Qxc5 f4 22. f3 Nxd6 23. Qxd6 Qg6 24. Qc5 a4 25. Rad1 axb3 26. axb3 Ra2 27.
Qc4+ Kh8 28. Rd2 h6 29. Qxd4 Rxc2 30. Qxd7 Rxd2 31. Qxd2 Qe6 32. b4 g5 33. Qd4
Re8 34. Qc3 Kg7 35. Qb2 Re7 36. Qc3 Re8 37. Re4 Kg8 38. Re1 Kg7 39. Qc5 Qd5 40.
Qa7+ Kg6 41. Qc7 h5 42. h3 g4 43. fxg4 hxg4 44. e6 Rxe6 45. Rxe6+ Qxe6 46. Qxf4
gxh3 47. Qg3+ Kf6 48. gxh3 Qe4 49. Qf2+ Ke6 50. Qd2 Qe5 51. Kf1 1/2-1/2

[Event "MCRE_PF11"]
[Site "?"]
[Date "2002.??.??"]
[Round "?"]
[White "Nemec, Zdenek"]
[Black "Tkac, Leopold"]
[Result "1-0"]
[WhiteElo "2130"]
[BlackElo "2115"]
[PlyCount "71"]
[EventDate "2002.??.??"]
[EventType "schev (corr)"]
[EventRounds "2"]

1. e4 e5 2. Nf3 Nc6 3. d4 exd4 4. Nxd4 Nf6 5. Nxc6 bxc6 6. e5 Qe7 7. Qe2 Nd5 8.
c4 Ba6 9. g3 Qc5 10. Nd2 Nb6 11. Qe4 O-O-O 12. Nb3 Qb4+ 13. Bd2 Qa4 14. Bd3
Bxc4 15. O-O Bxb3 16. axb3 Qxe4 17. Bxe4 Kb7 18. Ra5 d5 19. exd6 cxd6 20. Rc1
d5 21. Bd3 c5 22. Rca1 Ra8 23. Ba6+ Kc6 24. Rc1 Bd6 25. Be3 Nd7 26. Bb5+ Kc7
27. b4 c4 28. Rca1 Ne5 29. Rxa7+ Rxa7 30. Rxa7+ Kb8 31. Kg2 Rc8 32. f4 Ng4 33.
Bd4 Rc7 34. Ra6 Bxb4 35. Bc6 Rxc6 36. Rxc6 1-0

[Event "MCRE_PF11"]
[Site "?"]
[Date "2002.??.??"]
[Round "?"]
[White "Ryska, Jiri"]
[Black "Nemec, Zdenek"]
[Result "0-1"]
[WhiteElo "2235"]
[BlackElo "2130"]
[PlyCount "82"]
[EventDate "2002.??.??"]
[EventType "schev (corr)"]
[EventRounds "2"]

1. d4 f5 2. c4 Nf6 3. Nc3 g6 4. Qc2 Bg7 5. Nf3 O-O 6. e4 fxe4 7. Nxe4 Nxe4 8.
Qxe4 d6 9. Bg5 Nc6 10. Qe3 Nb4 11. Qd2 c5 12. a3 Nc6 13. d5 Rxf3 14. gxf3 Nd4
15. Qd1 Qf8 16. Be2 Qf5 17. h4 Nc2+ 18. Kf1 Nxa1 19. Qxa1 e6 20. dxe6 Bxe6 21.
Qc1 Re8 22. h5 gxh5 23. b3 d5 24. Bh4 d4 25. Qd1 Qg6 26. Bd3 Bf5 27. Bxf5 Qxf5
28. Kg2 Qg6+ 29. Kh2 d3 30. Re1 Rxe1 31. Qxe1 Qd6+ 32. Bg3 Qd8 33. Qe6+ Kh8 34.
Be5 d2 35. Bxg7+ Kxg7 36. Qe5+ Qf6 37. Qc7+ Kg6 38. Qd7 Qf4+ 39. Kg2 h4 40.
Qe6+ Qf6 41. Qe2 h3+ 0-1

[Event "MCRE_PF11"]
[Site "?"]
[Date "2002.??.??"]
[Round "?"]
[White "Nemec, Zdenek"]
[Black "Ryska, Jiri"]
[Result "0-1"]
[WhiteElo "2130"]
[BlackElo "2235"]
[PlyCount "88"]
[EventDate "2002.??.??"]
[EventType "schev (corr)"]
[EventRounds "2"]

1. e4 e5 2. Nf3 Nc6 3. d4 exd4 4. Nxd4 Qh4 5. Nb5 Bb4+ 6. c3 Ba5 7. Nd2 a6 8.
Na3 Bb6 9. g3 Qe7 10. Bg2 Nf6 11. O-O d6 12. Ndc4 Ba7 13. Be3 O-O 14. Bxa7 Rxa7
15. Ne3 Re8 16. Nd5 Qd8 17. Re1 Be6 18. Nc2 Ne5 19. Nxf6+ Qxf6 20. f4 Nd7 21.
Nd4 Nf8 22. e5 dxe5 23. Rxe5 Bd7 24. Rxe8 Bxe8 25. Qh5 b6 26. Re1 c5 27. Rxe8
cxd4 28. Be4 h6 29. Qe2 dxc3 30. Qd3 g6 31. bxc3 Rc7 32. Kg2 b5 33. Qd5 Rxc3
34. Qd2 Rc4 35. Bf3 Rd4 36. Qc3 b4 37. Qc8 Rd2+ 38. Kh3 Qd6 39. f5 Kg7 40. fxg6
fxg6 41. Re2 Rxe2 42. Bxe2 a5 43. Qc2 Ne6 44. Qc4 a4 0-1

[Event "MCRE_PF11"]
[Site "?"]
[Date "2002.??.??"]
[Round "?"]
[White "Glaser, Karel"]
[Black "Ryska, Jiri"]
[Result "1/2-1/2"]
[WhiteElo "2015"]
[BlackElo "2235"]
[PlyCount "116"]
[EventDate "2002.??.??"]
[EventType "schev (corr)"]
[EventRounds "2"]

1. e4 e5 2. Nf3 Nc6 3. Bb5 a6 4. Ba4 Nf6 5. O-O Be7 6. Re1 b5 7. Bb3 d6 8. c3
O-O 9. h3 Nb8 10. d4 Nbd7 11. Nbd2 Bb7 12. Bc2 Re8 13. Nf1 Bf8 14. Ng3 g6 15.
a4 c5 16. d5 c4 17. Bg5 h6 18. Be3 Nc5 19. Nd2 Qd7 20. Qf3 Bg7 21. Ra3 Rec8 22.
Rea1 Qc7 23. Ndf1 Nfd7 24. Nh2 Qd8 25. Ngf1 bxa4 26. Ng4 Qf8 27. Bxc5 Rxc5 28.
Bxa4 Nb6 29. Nge3 Qc8 30. Nd2 a5 31. Bd1 h5 32. b3 cxb3 33. Rxb3 Nd7 34. Nec4
Bf8 35. Qe3 Qc7 36. Nb2 Ba6 37. c4 Nb6 38. Rxb6 Qxb6 39. Na4 Qd8 40. Nxc5 dxc5
41. Qc3 Bc8 42. Ba4 Bd6 43. Bc6 Ra7 44. Qe3 Kg7 45. Nb3 Qb6 46. Ra3 f5 47. Bb5
f4 48. Qe2 Kf6 49. Qa2 Be7 50. Rxa5 Rxa5 51. Nxa5 Qa7 52. Qd2 Bd6 53. Be8 h4
54. Qc3 Qe7 55. Bb5 Qd8 56. Nc6 Qb6 57. Qa3 Bb7 58. Qf3 Bc8 1/2-1/2

[Event "MCRE_PF11"]
[Site "?"]
[Date "2002.??.??"]
[Round "?"]
[White "Prchly, Milos"]
[Black "Nemec, Zdenek"]
[Result "1/2-1/2"]
[WhiteElo "2270"]
[BlackElo "2130"]
[PlyCount "62"]
[EventDate "2002.??.??"]
[EventType "schev (corr)"]
[EventRounds "2"]

1. d4 f5 2. g3 Nf6 3. Bg2 g6 4. Nf3 Bg7 5. O-O O-O 6. c4 d6 7. Nc3 c6 8. d5 e5
9. dxe6 Bxe6 10. Qd3 Na6 11. Ng5 Qe7 12. Bf4 Rad8 13. Rad1 Ng4 14. Nd5 Qe8 15.
Nxe6 Qxe6 16. Bg5 Rde8 17. Bf4 Qxe2 18. Bxd6 Qxd3 19. Rxd3 Rf7 20. b4 cxd5 21.
Bxd5 Bf8 22. c5 Nf6 23. Bxf7+ Kxf7 24. Bxf8 Kxf8 25. a3 Nb8 26. Rc1 a6 27. a4
Rc8 28. b5 Ke7 29. Re1+ Kf7 30. Red1 axb5 31. axb5 Ke7 1/2-1/2

[Event "MCRE_PF11"]
[Site "?"]
[Date "2002.??.??"]
[Round "?"]
[White "Hnilicka, Michal"]
[Black "Tkac, Leopold"]
[Result "0-1"]
[WhiteElo "2175"]
[BlackElo "2115"]
[PlyCount "70"]
[EventDate "2002.??.??"]
[EventType "schev (corr)"]
[EventRounds "2"]

1. e4 e5 2. Nf3 Nf6 3. Nxe5 d6 4. Nf3 Nxe4 5. d4 d5 6. Bd3 Bd6 7. O-O O-O 8. c4
c6 9. cxd5 cxd5 10. Nc3 Nxc3 11. bxc3 Bg4 12. Rb1 b6 13. Rb5 Nd7 14. Rxd5 Nf6
15. Rg5 h6 16. Rxg7+ Kxg7 17. Bxh6+ Kh8 18. h3 Bh5 19. Bxf8 Qxf8 20. Re1 Qh6
21. Bf1 Qf4 22. Qd2 Bxf3 23. Qxf4 Bxf4 24. gxf3 Bd2 25. Re7 Bxc3 26. Rxf7 Bxd4
27. Ba6 Rg8+ 28. Kf1 Rg7 29. Rf8+ Kh7 30. f4 Rd7 31. Bb5 Rd5 32. a4 Kg7 33. Ra8
a5 34. Kg2 Bc5 35. Kg3 Rd2 0-1

[Event "MCRE_PF11"]
[Site "?"]
[Date "2002.??.??"]
[Round "?"]
[White "Svrsek, Radomir"]
[Black "Tkac, Leopold"]
[Result "0-1"]
[WhiteElo "2230"]
[BlackElo "2115"]
[PlyCount "84"]
[EventDate "2002.??.??"]
[EventType "schev (corr)"]
[EventRounds "2"]

1. c4 e5 2. Nc3 Nf6 3. g3 Bc5 4. Bg2 Nc6 5. Nf3 d6 6. d3 O-O 7. O-O h6 8. Na4
Bb6 9. Nxb6 axb6 10. b3 Bf5 11. Bb2 Qc8 12. Re1 Bh3 13. Bh1 Qf5 14. a3 Rfe8 15.
b4 Ng4 16. e4 Qg6 17. b5 Nd8 18. Nh4 Qg5 19. Bc1 Qh5 20. Bg2 Bxg2 21. Kxg2 Ne6
22. h3 Nf6 23. Qxh5 Nxh5 24. Nf5 Nf6 25. Bb2 Nd7 26. Rad1 Ndc5 27. f3 Kh7 28.
Rf1 Na4 29. Bc1 Red8 30. f4 Nac5 31. Ne3 c6 32. Bb2 Na4 33. Ba1 Nac5 34. fxe5
Rxa3 35. Rxf7 Rda8 36. Nc2 Rxd3 37. Rxd3 Nxd3 38. Re7 Ndc5 39. exd6 Ra2 40. Kf3
Rxc2 41. d7 Rd2 42. Bxg7 Nxg7 0-1

[Event "MCRE_PF11"]
[Site "?"]
[Date "2002.??.??"]
[Round "?"]
[White "Tkac, Leopold"]
[Black "Ryska, Jiri"]
[Result "1-0"]
[WhiteElo "2115"]
[BlackElo "2235"]
[PlyCount "83"]
[EventDate "2002.??.??"]
[EventType "schev (corr)"]
[EventRounds "2"]

1. c4 c5 2. Nf3 Nf6 3. g3 Nc6 4. Bg2 e6 5. d4 cxd4 6. Nxd4 Qb6 7. Nb5 d5 8. Be3
Qa5+ 9. N1c3 dxc4 10. Nd6+ Bxd6 11. Qxd6 Bd7 12. O-O O-O-O 13. Qf4 Nd5 14. Nxd5
exd5 15. Qxf7 d4 16. Bf4 g5 17. b4 Qa6 18. Bd6 Rhe8 19. a4 Ne5 20. Bxe5 Rxe5
21. b5 Qe6 22. Qf3 Qb6 23. Rfc1 Rc5 24. a5 Qc7 25. b6 axb6 26. axb6 Qxb6 27.
Rcb1 Rb5 28. Rxb5 Qxb5 29. Qe4 Re8 30. Qxd4 Rxe2 31. Bf3 Re6 32. Bg4 Qe5 33.
Ra8+ Kc7 34. Qxc4+ Rc6 35. Qg8 Rc1+ 36. Kg2 Bc6+ 37. Kh3 Qf6 38. Qb8+ Kb6 39.
Qa7+ Kc7 40. Qa5+ b6 41. Rc8+ Kd6 42. Qd2+ 1-0

[Event "MCRE_PF11"]
[Site "?"]
[Date "2002.??.??"]
[Round "?"]
[White "Tkac, Leopold"]
[Black "Svrsek, Radomir"]
[Result "1/2-1/2"]
[WhiteElo "2115"]
[BlackElo "2230"]
[PlyCount "87"]
[EventDate "2002.??.??"]
[EventType "schev (corr)"]
[EventRounds "2"]

1. c4 c5 2. Nf3 Nf6 3. Nc3 Nc6 4. e3 e6 5. d4 d5 6. Bd3 cxd4 7. exd4 Be7 8.
cxd5 exd5 9. O-O Bg4 10. Be3 O-O 11. Re1 Qd7 12. Be2 Bb4 13. h3 Bxf3 14. Bxf3
Rfe8 15. Qd3 h6 16. a3 Bxc3 17. bxc3 Re6 18. c4 dxc4 19. Qxc4 Rd6 20. Rab1 Rd8
21. Qb3 b6 22. Rbd1 Re8 23. Rf1 b5 24. Bxc6 Qxc6 25. Bf4 Qd5 26. Qxd5 Rxd5 27.
Rd3 Red8 28. Be3 R5d6 29. Rc1 Nd5 30. Kf1 a6 31. Bd2 R8d7 32. Rc8+ Kh7 33. Ra8
f5 34. h4 f4 35. Ke2 Kg6 36. Rf8 Nf6 37. Bc3 Kh5 38. Kf3 Kxh4 39. Kxf4 Kh5 40.
Kf3 Kg6 41. g4 Kh7 42. Bb2 Rc6 43. Bc3 Rc4 44. Ra8 1/2-1/2

[Event "MCRE_PF11"]
[Site "?"]
[Date "2002.??.??"]
[Round "?"]
[White "Prchly, Milos"]
[Black "Svrsek, Radomir"]
[Result "0-1"]
[WhiteElo "2270"]
[BlackElo "2230"]
[PlyCount "76"]
[EventDate "2002.??.??"]
[EventType "schev (corr)"]
[EventRounds "2"]

1. d4 d5 2. c4 c6 3. Nc3 dxc4 4. e4 b5 5. a4 b4 6. Na2 e5 7. Bxc4 Qxd4 8. Qb3
Qxe4+ 9. Ne2 Be6 10. Bxe6 fxe6 11. Qxe6+ Ne7 12. f3 Qd5 13. Qg4 c5 14. O-O Nbc6
15. Bg5 Rd8 16. Rf2 h5 17. Qe4 h4 18. Kh1 Nd4 19. Nxd4 Qxe4 20. fxe4 Rxd4 21.
Be3 Rxe4 22. Bxc5 Nc6 23. Bxf8 Rxf8 24. Rd2 Nd4 25. Rad1 a5 26. Nc1 Ke7 27. Kg1
Rc8 28. Kf1 b3 29. Nd3 Ke6 30. Nf2 Rf4 31. g3 Rf3 32. Rd3 Rxd3 33. Rxd3 Rc1+
34. Nd1 Kd5 35. Ke1 Kc4 36. Rc3+ Rxc3 37. Nxc3 hxg3 38. hxg3 Kd3 0-1

[Event "MCRE_PF11"]
[Site "?"]
[Date "2002.??.??"]
[Round "?"]
[White "Svrsek, Radomir"]
[Black "Ryska, Jiri"]
[Result "1-0"]
[WhiteElo "2230"]
[BlackElo "2235"]
[PlyCount "95"]
[EventDate "2002.??.??"]
[EventType "schev (corr)"]
[EventRounds "2"]

1. e4 e5 2. Nf3 Nc6 3. Bb5 a6 4. Ba4 Nf6 5. O-O Be7 6. Re1 b5 7. Bb3 d6 8. c3
O-O 9. d4 Bg4 10. d5 Na5 11. Bc2 c6 12. h3 Bd7 13. b4 Nc4 14. dxc6 Bxc6 15.
Nbd2 Nxd2 16. Qxd2 Qc7 17. Bb2 Rfc8 18. a3 Nd7 19. Bb3 Nb6 20. Qe2 a5 21. Rad1
a4 22. Ba2 Bb7 23. Bc1 h6 24. Nh2 Nc4 25. Qg4 Kh8 26. Nf1 Rd8 27. Ne3 Nxe3 28.
Rxe3 Bc8 29. Qe2 f5 30. exf5 Bxf5 31. Qxb5 Bg5 32. Ree1 Qxc3 33. Bxg5 hxg5 34.
Qe2 Bg6 35. Bd5 Rab8 36. Qg4 Rf8 37. Qxg5 Bh7 38. Qe3 Qc2 39. Rc1 Qg6 40. Rc4
Qf6 41. Qg3 Qh6 42. Bc6 Rbc8 43. b5 Qd2 44. Qe3 Qa5 45. Rd1 Qd8 46. Qe2 Qf6 47.
Rxa4 Rb8 48. Ra7 1-0

[Event "MCRE_PF11"]
[Site "?"]
[Date "2002.??.??"]
[Round "?"]
[White "Mikoska, Josef"]
[Black "Glaser, Karel"]
[Result "1-0"]
[WhiteElo "2140"]
[BlackElo "2015"]
[PlyCount "145"]
[EventDate "2002.??.??"]
[EventType "schev (corr)"]
[EventRounds "2"]

1. e4 e5 2. Nf3 Nc6 3. Bb5 a6 4. Ba4 Nf6 5. O-O Be7 6. Re1 b5 7. Bb3 d6 8. a4
Bb7 9. axb5 axb5 10. Rxa8 Bxa8 11. Nc3 Na5 12. Nxb5 Nxb3 13. cxb3 Nxe4 14. d4
O-O 15. Qc2 Nf6 16. dxe5 dxe5 17. Nxe5 Qd5 18. Nf3 Qxb5 19. Rxe7 Bxf3 20. gxf3
Nd5 21. Re1 Qd7 22. Qc4 Qd6 23. Qb5 c6 24. Qc4 h6 25. Bd2 Rd8 26. Qh4 Qg6+ 27.
Kh1 Qf6 28. Qxf6 Nxf6 29. Bc3 Nd5 30. Re4 Kh7 31. h4 Rd6 32. h5 Re6 33. Ra4 Nf6
34. Ra5 g6 35. hxg6+ Kxg6 36. b4 Nd5 37. Rc5 Nc7 38. f4 f5 39. Kg2 Na6 40. Ra5
Nc7 41. Be5 Nb5 42. Kh3 Kh5 43. Ra6 Rg6 44. Ra8 Re6 45. Rc8 Na7 46. Rf8 Kg6 47.
Kh4 Nb5 48. Rd8 Kf7 49. Kh5 Ke7 50. Rg8 Kf7 51. Rg7+ Kf8 52. Rh7 Kg8 53. Rb7
Kf8 54. Bg7+ Ke8 55. Bxh6 Nd6 56. Rb6 Nc8 57. Rb8 Kd7 58. Rb7+ Ke8 59. b5 cxb5
60. Rxb5 Nd6 61. Re5 Kf7 62. b4 Re7 63. Rd5 Rd7 64. Rd1 Ke6 65. Bf8 Nb5 66. Rg1
Rd8 67. Re1+ Kf7 68. Bc5 Nd4 69. Re7+ Kf6 70. Rh7 Rd5 71. Ra7 Nb3 72. Ra6+ Kf7
73. Rc6 1-0